00279nam a22001217a 4500003000400000008004100004020001800045100001900063245003100082250001100113260002500124300000800149OSt240409b |||||||| |||| 00| 0 eng d a9789393839015 aSINGH,Agya Jit aMental Health and Wellness a1st Ed aNew DelhibEPHc2023 a250